Ewige Tabelle Verbandsliga Südbaden - Statistiken

Allgemein
  • Dieses Quiz wurde 15 mal gespielt
  • Das Durchschnittsergebnis liegt bei 17 aus 58
Antwortstatistiken
Antwort % Korrekt
SC Freiburg
82%
Bahlinger SC
73%
Freiburger FC
64%
SV Linx
64%
FC Denzlingen
55%
FC Konstanz
55%
FC Singen
55%
FV Lörrach Brombach
55%
Kehler FV
55%
Offenburger FV
55%
Bahlinger SC 2
45%
DJK Konstanz
45%
FC Auggen
45%
FC Emmendingen
45%
FC Waldkirch
45%
SV Solvay Freiburg
45%
ESV Südstern Singen
36%
FC Radolfzell
36%
FC Rielasingen Arlen
36%
FC Teningen
36%
FC Villingen
36%
SC Lahr
36%
SF Elzach Yach
36%
SV Oberachern
36%
FC Rastatt
27%
SC Offenburg
27%
SV Endingen
27%
SV Kuppenheim
27%
TSV Singen
27%
VfR Hausen
27%
FC Villingen 2
18%
FV Schutterwald
18%
Lahrer FV
18%
SC Baden Baden
18%
SC Hofstetten
18%
SC Konstanz Wollmatingen
18%
SC Pfullendorf
18%
SC Waldkirch
18%
SC Weil
18%
SpVgg FAL
18%
SV Bühlertal
18%
SV Stadelhofen
18%
TuS Oppenau
18%
VfB Bühl
18%
VFB Gaggenau
18%
FC Gottmadingen
9%
FSV Rot Weiß Stegen
9%
SC Durbachtal
9%
SC Whyl
9%
SV Kirchzarten
9%
VfR Rheinfelden
9%
DJK Donaueschingen
0%
FC Bad Dürrheim
0%
FC Bötzingen
0%
FC Freiburg St Georgen
0%
FC Mörsch
0%
FC Neustadt
0%
VfR Achern
0%
Keine übereinstimmenden Quizze gefunden
Verteilung der Resultate
Anzahl Personen mit jedem Resultat
Perzentil nach korrekt beantworteten Fragen
Ihre Resultats-Entwicklung
Sie haben dieses Quiz noch nicht gespielt